000 00741cam a22002171 4500
001 ne 64002543
003 DLC
005 20260227111805.0
008 840112s1964 ua 000 0 ararc
010 _ane 64002543
035 _a(OCoLC)10294169
040 _aPrinceton Univ. Libr.
_cTxU
_dTxU
_dDLC
042 _apremarc
050 0 0 _aPN5463
_b.A35
100 1 _aKhiḍr, ʻAbbās.
245 1 0 _aṢuḥafīyūn muʻāṣirūn,
_blamaḥāt min nashʼatahum wa-kifāḥahum.
_cbi-qalam ʻAbbās Khiḍr. Taqdīm Māhir Nasīm.
260 _aal-Qāhirah,
_bDār al-Karnak lil-Nashr wa-al-Ṭabʻ wa-al-Tawzīʻ
_c[1964?]
300 _a186 p.
_bports.
_c20 cm.
490 0 _aal-Maktabah al-Thaqāfīyah,
_v3
650 0 _aJournalists
_zEgypt.
999 _c47469
_d47469